[Event "Madurai Athens of the East op-C 4th"]
[Site "Madurai"]
[Date "2024.12.29"]
[Round "4"]
[White "Subash, Sanker DM"]
[Black "Rajkumar, S."]
[Result "0-1"]
[WhiteElo "1780"]
[BlackElo "1676"]
[PlyCount "106"]
[EventDate "2024.12.28"]
[EventType "swiss"]
[EventRounds "9"]
[EventCountry "IND"]
[SourceTitle "CB02_2025"]
[SourceDate "2025.01.08"]
[SourceVersion "1"]
[SourceVersionDate "2025.01.08"]
[SourceQuality "1"]

1. d4 Nf6 2. Nf3 e6 3. Bg5 d5 4. e3 Be7 5. Nbd2 0-0 6. Bd3 c5 7. c3 Nbd7 8. Ne5 Nxe5 9. dxe5 Nd7 10. Bf4 Re8 11. h4 Nf8 12. Qh5 d4 13. exd4 cxd4 14. Rh3 dxc3 15. bxc3 Qa5 16. Rg3 Rd8 17. Rd1 Bd7 18. Kf1 Ng6 19. Qg4 Ba4 20. Re1 Bf8 21. Bxg6 hxg6 22. h5 Bc2 23. hxg6 Bxg6 24. Qh4 Rd3 25. Nf3 Bf5 26. Bh6 Rad8 27. Qf6 Bg6 28. Rxg6 fxg6 29. Qxe6+ Kh8 30. Ng5 gxh6 31. Nf7+ Kh7 32. Nxd8 Qxd8 33. Qf7+ Bg7 34. e6 Rd1 35. f3 Qd3+ 36. Kf2 Qd2+ 37. Re2 Qxc3 38. e7 Qc5+ 39. Kg3 Qg5+ 40. Kf2 Qh4+ 41. g3 Qd4+ 42. Kg2 Qg1+ 43. Kh3 Qf1+ 44. Rg2 Rd2 45. e8Q Qxg2+ 46. Kg4 Rd4+ 47. Qf4 Rxf4+ 48. Kxf4 Qd2+ 49. Kg4 Qxa2 50. f4 Qg2 51. Qe3 h5+ 52. Kg5 Qh3 53. Qf3 Qf5+ 0-1